000 00539nam a2200133 a 4500
008 120416s1988 ||||||||||||||||| || u
050 _aTP 690.3 Smi
100 _aSmith, Augustine J
245 1 0 _aTechnological capability in oil refining in Sierra Leone
260 _aFreetown
_bNjala University College of Sierra Leone
_c1988
300 _a111p. : ill.
350 _a0.00
995 _D0.00
_FCBU-MAIN LIBRARY (Kitwe)
_H1
_I5.00
_UWEEDED
_VAug 31, 2017
_ZMain Library Open Access Collection
999 _c59549
_d59549